00511nam a2200205Ia 450000500170000000800460001703700110006304000080007404000080008204000080009004100080009804100080010608400080011410000360012224500640015826000090022230000100023165000080024170000560024920260430150350.0008 250103s9999 xx 000 0 eng d aTheses aCRL beng ceng 2eng aeng qCRL aKalon Jatin Au.; Jha Anupam Gu. 0aHuman Rights in Military Laws of India: A Critical Analysis c2023 a314p. aLaw aUniversity of Delhi. Faculty of Arts. Deptt. of Law